000 00664nam a22002297a 4500
001 00028761
005 20260414140059.0
008 260414b ag ||||| |||| 00| 0 spa d
020 _a9789870709299
040 _aAR-CcCEOS
_bspa
_cAR-CcCEOS
041 _aspa
080 _a950
090 _bCOL t.2
100 _aPABLO COLAZO
_91038
245 _aHistoria Ilustrada para los chicos de hoy :
_bTomo 2 : Pueblos de la antiguedad /
_cPablo Colazo
250 _a1ยช ed.
264 _aBuenos Aires :
_bAguilar,
_c2010.
300 _av. 2, 48 p. ;
_c27x23 cm.
650 0 _ahistoria
_990
655 0 _aliteratura infantil y juvenil
_978
942 _2udc
_cBK
_n0
999 _c28796
_d28796